الفاشية : (Record no. 61624)
[ view plain ]
| 000 -الفاتح | |
|---|---|
| حقل البيانات ثابتة الطول | 00815nam a22002177a 4500 |
| 005 - وقت وتاريخ اخر تعامل مع التسجيلة | |
| رقم الضبط | 20240530110509.0 |
| 008 - عناصر البيانات ثابتة الطول - معلومات عامة | |
| حقل البيانات ثابتة الطول | 151025s2010 ua a g 000 0 ara d |
| 017 ## - رقم الايداع القانونى | |
| رقم الايداع القانونى | 2010/24734 |
| المصدر ( الهيئة المختصة) | مصر . دار الكتب المصرية |
| 040 ## - مصدر الفهرسة | |
| وكالة الفهرسة الأصلية | EG-CaGPL |
| 082 04 - رقم تصنيف ديوى العشرى | |
| رقم الطبعة | 21 |
| رقم التصنيف | 320.533\ |
| رقم المادة | ر ف |
| 100 1# - المدخل الرئيسى - إسم شخصى | |
| الإسم الشخصى | رينتون ، ديفيد . |
| 245 12 - بيان العنوان | |
| العنوان | الفاشية : |
| بقية العنوان | بين النظرية و التطبيق / |
| بيان المسئوليه,etc | ديفيد رينتون ؛ اعداد مركز الترجمة بمكتبة جزيرة الورد . |
| 250 ## - بيان الطبعة | |
| بيان الطبعة | ط1. |
| 260 ## - PUBLICATION, DISTRIBUTION, ETC. (IMPRINT) | |
| تاريخ النشر أو التوزيع | 2010 . |
| 300 ## - الوصف المادى | |
| التعداد | 240 ص ؛ |
| أبعاد الوعاء | 24 سم . |
| 650 04 - المدخل الاضافى بالموضوع-مصطلح موضوعى | |
| مصطلح موضوعي | الفاشية . |
| 650 04 - المدخل الاضافى بالموضوع-مصطلح موضوعى | |
| مصطلح موضوعي | الماركسيون . |
| 650 04 - المدخل الاضافى بالموضوع-مصطلح موضوعى | |
| مصطلح موضوعي | الهولوكوست . |
| 942 ## - عناصر المدخل الإضافي( كوها) | |
| مصدر التصنيف او مخطط الترفيف | Dewey Decimal Classification |
| Koha [default] item type | كتاب |
| 260 ## - PUBLICATION, DISTRIBUTION, ETC. (IMPRINT) | |
| -- | القاهرة ك |
| -- | مكتبة جزيرة الورد ، |
| حالة التراجع | حالة الفقد | حالة تلف | ليس للاعارة | المكان المؤقت | الموقع الحالى | تاريخ الاكتساب | اجمالي اﻻعارات | رقم الطلب | الباركود | تاريخ اخر مشاهدة | تاريخ تفعيل السعر | نوع وعاء كوها |
|---|---|---|---|---|---|---|---|---|---|---|---|---|
| مكتبة القاهرة الكبرى | مكتبة القاهرة الكبرى | 10/25/2015 | 320.533\ ر ف | 160968 | 10/25/2015 | 10/25/2015 | كتاب |

